La era del sucedáneo y otros textos contra la civilización moderna

Salvato in:
Dettagli Bibliografici
Autore principale: Morris, William (autor)
Natura: Libro
Lingua:spagnolo
Pubblicazione: Logroño Pepitas de Calabaza 2016
Edizione:1a. ed
Soggetti:
Tags: Aggiungi Tag
Nessun Tag, puoi essere il primo ad aggiungerne!!

MARC

LEADER 00000cam a2200000 a 4500
001 UCC5930
003 CL-VaPUC
005 20240125113216.0
008 181109e20160000sp |||||||||||||||||spa|d
999 |c 373033  |d 373031 
020 |a 9788415862512 
040 |c Pontificia Universidad Católica de Valparaíso 
082 0 4 |a 306  |b MOR  |2 21 
100 |a Morris, William  |e autor  |9 868830 
245 1 3 |a La era del sucedáneo y otros textos contra la civilización moderna 
250 |a 1a. ed 
260 |a Logroño  |b Pepitas de Calabaza  |c 2016 
300 |a 134 p 
583 |a last modification  |c 20181109 15:19:00  |k Rodrigo Vera 
650 0 |a Antropología cultural y social   |9 265143 
650 0 |a Civilización   |9 255823 
650 0 |a Crítica e interpretación   |9 255042 
942 |c BK  |2 ddc 
945 |d 20181109 15:19:00  |a dcastane 
952 |0 0  |1 0  |3 erb  |4 0  |6 306_000000000000000_MOR_2016  |7 0  |8 A  |9 490947  |a BIBCUR  |b BIBCUR  |i 5511844  |o 306 MOR 2016  |p 5511844  |r 2025-04-22  |w 2019-11-24  |y BK  |z Catalogado en:20181109  |k PER